|
|
|
|
| LEADER |
00000nam0a2200000 4500 |
| 001 |
101183 |
| 005 |
20231101214342.0 |
| 010 |
|
|
|a 5887824123
|
| 035 |
|
|
|a (RuTPU)RU\TPU\book\108965
|
| 090 |
|
|
|a 101183
|
| 100 |
|
|
|a 20060901d2006 m y0rusy50 ca
|
| 101 |
1 |
|
|a rus
|c eng
|
| 102 |
|
|
|a RU
|
| 105 |
|
|
|a a j 001zd
|
| 200 |
1 |
|
|a Теория личности. Основные положения, исследования и применение
|e пер. с англ.
|e учебное пособие для вузов
|f Л. Хьелл, Д. Д. Зиглер
|
| 205 |
|
|
|a 3-е изд.
|
| 210 |
|
|
|a СПб.
|c Питер
|d 2006
|
| 215 |
|
|
|a 607 с.
|c ил.
|
| 225 |
1 |
|
|a Мастера психологии
|
| 320 |
|
|
|a Библиография в конце глав.
|
| 330 |
|
|
|a Монография видных американских исследователей Л. Хьелла и Д. Зиглера адресована всем, для кого знание и практическое применение психологии необходимы в профессиональной деятельности. Прочесть ее будет полезно психологам и врачам, преподавателям и студентам, а также широкому кругу читателей, интересующихся вопросами современной психологии личности, межличностными и семейными отношениями. Книга охватывает широкий круг направлений в теории личности, разработанных такими крупнейшими учеными, как Фрейд, Адлер, Юнг, Эриксон, Фромм, Хорни, Кеттел, Айзенк, Скиннер, Бандура, Роттер, Келли, Маслоу, Роджерс. Большинство этих теорий впервые в столь полном объеме представлены на русском языке. В конце каждой главы читатель найдет обширный библиографический материал, посвященный конкретной проблеме.
|
| 451 |
|
1 |
|0 (RuTPU)RU\TPU\book\165320
|y 5-88782-412-3
|t Теории личности. Основные положения, исследования и применение
|o пер. с англ.
|o учебное пособие
|f Л. Хьелл, Д. Зиглер
|e 3-е изд.
|c СПб.
|n Питер
|d 2008
|p 607 с.
|a Хьелл, Л.
|
| 451 |
|
1 |
|0 (RuTPU)RU\TPU\book\58876
|y 978-5-88782-412-3
|t Теории личности. Основные положения, исследования и применение
|o пер. с англ.
|o учебное пособие
|f Л. Хьелл, Д. Зиглер
|c СПб.
|n Питер
|d 2003
|p 608 с.
|s Мастера психологии
|a Хьелл, Л.
|
| 451 |
|
|
|y 5-88782-412-3
|
| 600 |
|
1 |
|a Фрейд
|g Зигмунд
|b З.
|f 1856-1939
|c австрийский врач-психиатр
|c психолог
|c основатель психоанализа
|2 stltpush
|3 (RuTPU)RU\TPU\pers\479
|
| 600 |
|
1 |
|a Адлер
|g Альфред
|b А.
|f 1870-1937
|c австрийский врач-психиатр и психолог
|2 stltpush
|3 (RuTPU)RU\TPU\pers\999
|
| 600 |
|
1 |
|a Юнг
|g Карл Густав
|b К. Г.
|f 1875-1961
|c швейцарский психолог
|c философ
|2 stltpush
|3 (RuTPU)RU\TPU\pers\987
|
| 600 |
|
1 |
|a Эриксон
|g Эрик Хомбергер
|b Э. Х.
|f 1902-1994
|c американский психолог
|c психоаналитик
|2 stltpush
|3 (RuTPU)RU\TPU\pers\1931
|
| 600 |
|
1 |
|a Фромм
|g Эрих
|b Э.
|c немецко-американский философ
|c психолог
|c социолог
|f 1900-1980
|2 stltpush
|3 (RuTPU)RU\TPU\pers\515
|
| 600 |
|
1 |
|a Хорни
|g Карен
|b К.
|c американский психолог немецкого происхождения
|c психопатолог
|c одна из основателей неофрейдизма
|f 1885-1952
|2 stltpush
|3 (RuTPU)RU\TPU\pers\491
|
| 600 |
|
1 |
|a Айзенк
|g Ганс Юрген
|b Г. Ю.
|c английский психолог немецкого происхождения
|f 1916-1997
|2 stltpush
|3 (RuTPU)RU\TPU\pers\1028
|
| 600 |
|
1 |
|a Олпорт
|b Г. У.
|c американский психолог
|f 1897-1967
|g Гордон Уилларде
|2 stltpush
|3 (RuTPU)RU\TPU\pers\6900
|9 1272
|
| 600 |
|
1 |
|a Скиннер
|b Б. Ф.
|f 1905-1990
|c американский психолог
|g Беррес (Берхауз) Фредерик
|2 stltpush
|3 (RuTPU)RU\TPU\pers\5517
|
| 600 |
|
1 |
|a Бандура
|g Альберт
|b А.
|f 1925-1988
|c американский психолог
|2 stltpush
|3 (RuTPU)RU\TPU\pers\1557
|
| 600 |
|
1 |
|a Келли
|g Джордж Александер
|c американский психолог
|f 1905-1966
|b Д. А.
|2 stltpush
|3 (RuTPU)RU\TPU\pers\215
|
| 600 |
|
1 |
|a Маслоу
|b А.
|c американский психолог
|g Абрахам
|c экономист
|f 1908-1970
|2 stltpush
|3 (RuTPU)RU\TPU\pers\7219
|
| 600 |
|
1 |
|a Роджерс
|b К. Р.
|c американский психолог
|f 1902-1987
|g Карл Рэнсом
|2 stltpush
|3 (RuTPU)RU\TPU\pers\1029
|9 455
|
| 600 |
|
1 |
|a Роттер
|b Д. Б.
|c американский психолог
|f 1916
|g Джулиан Бернард
|2 stltpush
|3 (RuTPU)RU\TPU\pers\18373
|9 6805
|
| 600 |
|
1 |
|a Кеттел
|b Р.
|c английский психолог
|f 1905-1998
|g Рэймонд
|2 stltpush
|3 (RuTPU)RU\TPU\pers\18374
|9 6806
|
| 610 |
1 |
|
|a психология
|
| 610 |
1 |
|
|a личность
|
| 610 |
1 |
|
|a теория
|
| 610 |
1 |
|
|a исследования
|
| 610 |
1 |
|
|a психоанализ
|
| 610 |
1 |
|
|a бессознательное
|
| 610 |
1 |
|
|a эго
|
| 610 |
1 |
|
|a социальная психология
|
| 610 |
1 |
|
|a бихевиоризм
|
| 610 |
1 |
|
|a когнитивная психология
|
| 610 |
1 |
|
|a гуманистическая психология
|
| 610 |
1 |
|
|a феноменологические модели
|
| 610 |
1 |
|
|a современные теории
|
| 610 |
1 |
|
|a учебные пособия
|
| 686 |
|
|
|a Ю937я73
|v LBC/SL-A
|2 rubbk
|
| 700 |
|
1 |
|a Хьелл
|b Л.
|g Ларри
|
| 701 |
|
1 |
|a Зиглер
|b Д. Д.
|g Дэниэл
|
| 801 |
|
1 |
|a RU
|b 63413507
|c 20060901
|g PSBO
|
| 801 |
|
2 |
|a RU
|b 63413507
|c 20220408
|g PSBO
|
| 900 |
|
|
|a Психология личности
|
| 942 |
|
|
|c BK
|
| 951 |
|
|
|a 521000
|b 030300
|
| 959 |
|
|
|a 76/20060901
|d 1
|e 160,00
|f ЧЗГЛ:1
|